Nové pohľady na štátnu správu

Bibliographic Details
Main Authors: Škultéty, Peter, 1948-2020 (Author), Gašpar, Michal, 1927-2012 (Author)
Format: Article
Language:Slovak
Subjects:

MARC

LEADER 00000nab a2200000 a 4500
001 vtls000363696
003 SK-MaSNL
005 20260302231150.0
008 111202c1989 xo 0 slo
015 |a SNBRB19rr/mm-uuuuu 
035 |a CL0363818 
040 |a SNKBUCL  |b slo  |c SNKBUCL  |e AACR2 
041 0 |a slo 
044 |a xo  |c SK 
080 |a 342.6(437)  |2 1981 
100 1 |a Škultéty, Peter,  |d 1948-2020  |4 aut  |9 206193 
245 1 0 |a Nové pohľady na štátnu správu  |c Peter Škultéty 
650 0 7 |a štátna správa  |2 snkbucl  |9 1539 
655 7 |a články z novín a časopisov  |2 snkbucl  |9 267496 
700 1 |a Gašpar, Michal,  |d 1927-2012  |4 aut  |9 110959 
773 0 |t Universitas Comeniana  |g Roč. 1, č. 2 (1989), s. 52 
787 0 8 |i Rec.:  |a Gašpar, Michal  |t Štátna správa pri budovaní rozvinutej socialistickej spoločnos-ti  |d Bratislava : Veda, 1988 
850 |a Slovenská národná knižnica v Martine  |a MTA001 
852 |a SNK  |b KIS3GCP 
958 |a RK 
992 |a RBX 
999 |c 1537421  |d 1539351